| 000 | 01096nam a22002897a 4500 | ||
|---|---|---|---|
| 005 | 20240530110359.0 | ||
| 008 | 150117s2008 ua g b 000 0 ara d | ||
| 017 |
_a2008/13012 _bمصر . دار الكتب المصرية |
||
| 020 | _a9774311337 | ||
| 040 | _aEG-CaGPL | ||
| 041 | 0 | _aara | |
| 082 | 0 | 4 |
_221 _a371.8019\ _bع ت |
| 100 | 0 | _aعبدالحميد محمد على | |
| 245 | 1 | 2 |
_aالتسرب التعليمى / _cعبدالحميد محمد على ؛ منى ابراهيم قرشى |
| 250 | _aط 1 | ||
| 260 |
_aالقاهرة : _bمؤسسة طيبة للطبع و النشر ، _c2008 |
||
| 300 |
_a184 ص ؛ _c24 سم |
||
| 490 | 0 | _aسلسلة الاضطرابات النفسية | |
| 504 | _aيشتمل على ارجاعات ببليوجرافية | ||
| 650 | 0 | 4 |
_aالجمعيات الاهلية _xالتعليم |
| 650 | 0 | 4 |
_aالطلبة _xتسرب |
| 650 | 0 | 4 | _aالتأخر الدراسى |
| 650 | 0 | 4 | _aالتسرب من التعليم |
| 700 | 0 |
_aمنى ابراهيم قرشى _eمقدم |
|
| 942 |
_2ddc _cBK |
||
| 999 |
_c60223 _d60223 |
||